00536nam a2200193 a 4500001001300000003000900013005001700022008004100039020001000080082001300090100002100103245007200124260003900196300000900235500003500244505001000279650003200289700002100321nice12345678IN_TiNIC20260116015243.0050524s1996 sera grp 000 0 eng  ac10000a230bSAT aSatyaranjan, D S aAffirming Faith in Indian Contextb New Mandate for the New Century aSeramporebSerampore Collegec1996 a212p aincludes index and biblioraphy2 aIndex aTheology-Study and Teaching1 aSatyaranjan, D S